1995 1900 1812 1039 1812 1370 1495 1369 1005 1957 1247 1831 1395 1696 1894 1079 1824 1889 1304 1854 1128 1030 1538 1360 1442 1376 1741 1744 1323 1364 1196 1105 1423 1656 1923 1844 1734 1674 1275 1815 1350 1407 1398 1226 1591 1940 1034 1808 1038 1186 1973 1011 1905 1979 1719 1899 1985 1159 1457 1105 1976 1836 1089 1469 1106 1089 1685 1786 1786 1770 1558 1572 1975 1926 1116 1480 1075 1102 1960 1293 1226 1145 1482 1500 1695 1772 1939 1795 1074 1345 1752 1283 1142 1993 1957 1166 1667 1093 1243 BCNSPRNW ULIB Ver.6.0+V

เปลี่ยนเป็นภาษาไทย

Change to English
 แสดงรายละเอียดบรรณานุกรม
  กลับหน้าหลัก

Brief Record : Get Marc (ISO 2709) : E-mail record : QR code < ปิดหน้าต่าง
LEADER : 00000nam 2200000uu 4500
001    13399125571
003     ULIB
008    170630s2559||||th 000 0 tha d
020    ^a9786163001870
060    ^aWB115 ป149I
100    ^aปณิสินี ลวสุต และคณะ
245    ^aInternal Medecine Core Content for Medical Students
250    ^aพิมพ์ครั้งที่ 2
260    ^aกรุงเทพฯ :^bโรงพิมพ์แห่งจุฬาลงกรณ์มหาวิทยาลัย,^c2559
300    ^a352 หน้า^bภาพประกอบ
650    ^aอายุรศาสตร์
650    ^aInternal Medecine
700 0  ^aปวีณา สุสัณฐิตพงษ์
700 0  ^aลลิตา วัฒนะจรรยา
700 0  ^aมาริษา พงศ์พฤฒิพันธ์
700 0  ^aพลภัทร โรจน์นครินทร์
945    ^p0^l0^i002478
945    ^p0^l0^i002479
945    ^p0^l0^i002480
945    ^p0^l0^i002481
945    ^p0^l0^i002482
999    ^aวรรณษา ชูชัยมงคล
รายการนี้ยังไม่มีแท็ก
คุณยังไม่ได้ล็อกอิน คุณสามารถมีกิจกรรมร่วมกับเว็บไซต์ได้ แต่ต้องล็อกอินก่อน ::
  ล็อกอิน

รายการสื่อสารสนเทศ

ลำดับที่ ประเภท เลขเรียก/บาร์โค้ด สถานที่ สถานะ
1. วิทยาศาสตร์การแพทย์ และสุขภาพ
วิทยาศาสตร์การแพทย์ และสุขภาพ
สถานะ=หนังสือเก่า
WB115 ป149I ฉ.1 
  Barcode: 002478
ห้องสมุดวิทยาเขตสวรรค์ประชารักษ์
►ส่วนจัดเก็บหนังสือเก่า สปร
บนชั้น
  ขอยืม
2. วิทยาศาสตร์การแพทย์ และสุขภาพ
วิทยาศาสตร์การแพทย์ และสุขภาพ
สถานะ=หนังสือเก่า
WB115 ป149I ฉ.2 
  Barcode: 002479
ห้องสมุดวิทยาเขตสวรรค์ประชารักษ์
►ส่วนจัดเก็บหนังสือเก่า สปร
บนชั้น
  ขอยืม
3. วิทยาศาสตร์การแพทย์ และสุขภาพ
วิทยาศาสตร์การแพทย์ และสุขภาพ
WB115 ป149I ฉ.3 
  Barcode: 002480
ห้องสมุดวิทยาเขตสวรรค์ประชารักษ์
►หนังสือทั่วไป
บนชั้น
4. วิทยาศาสตร์การแพทย์ และสุขภาพ
วิทยาศาสตร์การแพทย์ และสุขภาพ
สถานะ=หนังสือเก่า
WB115 ป149I ฉ.4 
  Barcode: 002481
ห้องสมุดวิทยาเขตสวรรค์ประชารักษ์
►ส่วนจัดเก็บหนังสือเก่า สปร
บนชั้น
  ขอยืม
5. วิทยาศาสตร์การแพทย์ และสุขภาพ
วิทยาศาสตร์การแพทย์ และสุขภาพ
สถานะ=หนังสือเก่า
WB115 ป149I ฉ.5 
  Barcode: 002482
ห้องสมุดวิทยาเขตสวรรค์ประชารักษ์
►ส่วนจัดเก็บหนังสือเก่า สปร
บนชั้น
  ขอยืม

รายการใกล้เคียง
    หัวเรื่อง [อายุรศาสตร์]

BibComment


ยังไม่เคยถูกคอมเมนท์

คอมเมนท์ทรัพยากรรายการนี้
  คอมเมนท์: Internal Medecin..


 Copyright 2026. Bcnsprnw @Library